Discursos académicos de Ríos Rosas y otros trabajos / (Registro nro. 163552)

Detalles MARC
000 -LEADER
campo de control de longitud fija 01319nam a2200265 i 4500
001 - NÚMERO DE CONTROL
campo de control 163552
003 - IDENTIFICADOR DE NÚMERO DE CONTROL
campo de control ES-MaACL
005 - FECHA Y HORA DE LA ÚLTIMA TRANSACCIÓN
campo de control 20240228204518.0
008 - DATOS DE LONGITUD FIJA--INFORMACIÓN GENERAL
campo de control de longitud fija 000706s1889 sp |||| |dspa d
040 ## - FUENTE DE CATALOGACIÓN
Centro catalogador/agencia de origen CCPB | B
Lengua de catalogación spa
Centro/agencia transcriptor CCPB | B
100 1# - ENTRADA PRINCIPAL--NOMBRE DE PERSONA
Nombre de persona Ríos Rosas, Antonio de los,
Fechas asociadas al nombre 1812-1873
9 (RLIN) 162680
245 10 - MENCIÓN DEL TÍTULO
Título Discursos académicos de Ríos Rosas y otros trabajos /
Mención de responsabilidad, etc. con un estudio preliminar sobre el autor escrito por Juan Pérez de Guzmán.
260 ## - PUBLICACIÓN, DISTRIBUCIÓN, ETC.
Lugar de publicación, distribución, etc. Madrid :
Nombre del editor, distribuidor, etc. Administración,
Fecha de publicación, distribución, etc. 1889 (
Lugar de fabricación/manufactura Ronda :
Fabricante Imp. de El Tajo)
300 ## - DESCRIPCIÓN FÍSICA
Extensión 214, [4] p. ;
Dimensiones 17 cm.
490 1# - MENCIÓN DE SERIE
Mención de serie Biblioteca andaluza.
-- 2ª Serie ;
Designación de volumen o secuencia t. 8 ;
-- 18
594 ## - Nota al título y mención de responsabilidad
Nota al título y mención de responsabilidad Discursos leídos el 29 de octubre de 1852 en la sesión inaugural de la Academia Matritense de Jurisprudencia y Legislación.
596 ## - NOTA AL PIE DE IMPRENTA
NOTA AL PIE DE IMPRENTA Fecha tomada del colofón.
600 14 - PUNTO DE ACCESO ADICIONAL DE MATERIA--NOMBRE DE PERSONA
Nombre de persona Ríos Rosas, Antonio de los,
Fechas asociadas al nombre 1812-1873
9 (RLIN) 162680
700 1# - ENTRADA AGREGADA--NOMBRE PERSONAL
Nombre de persona Pérez de Guzmán y Gallo, Juan,
Fechas asociadas al nombre 1841-1928
9 (RLIN) 90777
710 2# - ENTRADA AGREGADA--NOMBRE DE ENTIDAD CORPORATIVA
Nombre de entidad corporativa o nombre de jurisdicción como elemento de entrada Academia Matritense de Jurisprudencia y Legislación.
9 (RLIN) 1204
830 0# - PUNTO DE ACCESO ADICIONAL DE SERIE-TÍTULO UNIFORME
Título uniforme Biblioteca andaluza.
-- 2ª Serie ;
Designación de volumen o secuencia t. 8 ;
-- 18
9 (RLIN) 188438
852 ## - LOCALIZACIÓN
Ubicación ES-MaACL
Número de control de estantería G-8831
Nota libre - Enc. pasta
852 ## - LOCALIZACIÓN
Ubicación ES-MaACL
Número de control de estantería G-329
Nota libre -- Enc. tela
-- -- Legado Calderón
Encuadernación -- Edic.: Son 216 p. -- El imp. y la fecha constan al verso de la port.
Existencias
Estatus retirado Estado de pérdida Estado de daño No para préstamo Colección Biblioteca de origen Biblioteca actual Ubicación en estantería Fecha de adquisición Fuente de adquisición Total de préstamos Signatura topográfica completa Código de barras Visto por última vez Precio de reemplazo Tipo de ítem Koha
        Libros del s. XIX Biblioteca del Ateneo de Madrid Biblioteca del Ateneo de Madrid Depósito 2 17/01/2008     G-329 1171386 23/02/2023 23/02/2023 Libro impreso antiguo
        Libros del s. XIX Biblioteca del Ateneo de Madrid Biblioteca del Ateneo de Madrid Sala Pecera Planta 3 17/01/2008     G-8831 1171385 23/02/2023 23/02/2023 Libro impreso antiguo